Paroles - J'ai peur - Roméo et Juliette - Statistiques

Statistiques générales
  • Ce quiz a été pris 33 fois
  • Le résultat moyen est 253 sur 279
Statistiques - réponses
Paroles % Correct
à
100%
dans
100%
de
100%
De
100%
en
100%
frères
100%
J′ai
100%
j'ai
100%
J'ai
100%
j′ai
100%
le
100%
les
100%
Les
100%
mes
100%
nos
100%
nous
100%
peur,
100%
peur
100%
que
100%
Que
100%
sa
100%
se
100%
Se
100%
si
100%
Si
100%
amis,
95%
amis
95%
au
95%
demain
95%
Demain
95%
est
95%
j′aime
95%
jour
95%
la
95%
légères
95%
mort
95%
ombres
95%
qui
95%
Qui
95%
rien
95%
sur
95%
Un
95%
un
95%
Vous
95%
vous
95%
bien
90%
Ce
90%
ce
90%
changent
90%
colère
90%
comme
90%
depuis
90%
Des
90%
dieux
90%
du
90%
épaules
90%
Est-ce
90%
et
90%
longtemps
90%
oh
90%
Oh
90%
pierre
90%
Roméo
90%
sang
90%
sans
90%
sentez
90%
tout
90%
Tout
90%
vie
90%
vos
90%
debout
86%
dire
86%
étoiles
86%
frôle
86%
guident
86%
guitares
86%
hasard
86%
je
86%
merci
86%
moi
86%
Moi
86%
moquez
86%
parents
86%
poussent
86%
prenne
86%
vengent
86%
vent
86%
vide
86%
vit
86%
autant
81%
bonheur
81%
coeur
81%
fragile
81%
goût
81%
l'avoue
81%
leur
81%
Mais
81%
mais
81%
mensonges
81%
plus
81%
Pour
81%
s'arrête
81%
s'installe
81%
soir
81%
sont
81%
tendres
81%
têtes
81%
âge
76%
Alors
76%
attend
76%
courage
76%
D'aimer
76%
écoutez
76%
facile
76%
ils
76%
jeunesse
76%
l′ennui
76%
meurent
76%
naufrage
76%
paresse
76%
quand
76%
riez
76%
votre
76%
voulez
76%
avez
71%
décembre
71%
fruits
71%
goûter
71%
vient
71%
voit
67%
venir
57%
beauté,
33%
dignité
33%
perdre
33%
vendre
33%
avant
29%
cage
29%
l′âge
24%
vieux
24%
D'être
14%
Aucun quiz correspondant
Distribution des résultats
% des personnes avec chaque résultat
Percentile par nombre de réponses
Votre historique - résultats
Vous n’avez pas pris ce quiz